000
00302 a2200133 4500
001
9684
082
_a
004.165 MAC
090
_c
7716
_d
7716
100
_a
Mackenzie Scott
245
_a
8051 Microcontroller
260
_a
USA
_b
Macmillan
_c
1992
300
_a
357 p.
500
_a
BE textbook Avionics
942
_a
NUST-CAE
_k
004.165 MAC
999
_c
244757
_d
244757